000 00291nam a2200109Ia 4500
008 230907s9999||||xx |||||||||||||| ||und||
082 _a333.7940943,ROE
100 _aRoehrkasten, Sybille,
_9115182
245 0 _aGlobal governance on renewable energy :
300 _a312 pages :
942 _cBK
999 _c597780
_d597780